Čím prispievajú generické lieky do zdravotníctva? čoraz širším sprístupňovaním modernej liečby bez zvyšovania nákladov

Bibliographic Details
Format: Article
Language:Slovak
PhysicalDescription:Grafy, obr., tab.
ISSN:1335-4477
Subjects:

MARC

LEADER 00000nab a2200000 a 4500
001 vtls008954494
003 SK-MaSNL
005 20260303070322.0
008 140303c2006 xo wrzp 0 0slo
015 |a SNBRB2007/02  |2 snkbucl 
040 |a SNKBUCL  |b slo  |c SNKBUCL  |e AACR2 
041 0 |a slo 
044 |a xo  |c SK 
080 |a 614.2  |2 1997 
245 0 0 |a Čím prispievajú generické lieky do zdravotníctva?  |b čoraz širším sprístupňovaním modernej liečby bez zvyšovania nákladov  |c [autor] (mž) 
300 |a Grafy, obr., tab. 
650 0 7 |a generiká  |2 snkbucl  |9 328342 
650 0 7 |a lieky generické  |2 snkbucl  |9 866537 
773 0 |t Zdravotnícke noviny  |g Roč. XII, č. 8 (2007), s. 12  |x 1335-4477 
852 |a SNK  |b KIS3GCP 
958 |a MI 
958 |a SK 
999 |c 1754862  |d 1756792